| 000 | 00405 a2200169 4500 | ||
|---|---|---|---|
| 001 | 192317 | ||
| 020 | _a978-85-16-09243-6 | ||
| 040 | _cMagnum | ||
| 100 | _aMc Donald, Megan | ||
| 240 | 1 | 0 |
_aJudy moody e a moeda da sorte _lpor |
| 245 | 1 | 0 | _aJudy moody e a moeda da sorte |
| 300 | _a193 | ||
| 362 | 0 | _a2014 | |
| 440 | 1 | _aSalamandra | |
| 697 | _aLITERATURA INFANTO-JUVENIL ESTRANGEIRA | ||
| 942 | _cBK | ||
| 999 |
_c192317 _d192317 |
||